Rawls /
Guardado en:
| Autor Principal: | |
|---|---|
| Otros Autores: | |
| Formato: | Libro |
| Idioma: | Spanish |
| Publicado: |
México :
Fondo de Cultura Económica,
2016.
|
| Edición: | 1a. ed. |
| Series: | Sección de obras de filosofía
|
| Materias: | |
| Etiquetas: |
Agregar Etiqueta
Sin Etiquetas, Sea el primero en etiquetar este registro!
|
| LEADER | 00593nam a22001815a 4500 | ||
|---|---|---|---|
| 001 | DER.der014641 | ||
| 008 | 210503s2016####mx############000#0#spa#d | ||
| 005 | 20251023091324.0 | ||
| 245 | 1 | 0 | |a Rawls / |c Samuel Freeman ; traducción de Adolfo García de la Sienra. |
| 250 | |a 1a. ed. | ||
| 260 | |a México : |b Fondo de Cultura Económica, |c 2016. | ||
| 300 | |a 458 p. | ||
| 490 | 1 | |a Sección de obras de filosofía | |
| 020 | |a 9786071639196 | ||
| 100 | 1 | |a Freeman, Samuel. | |
| 700 | 1 | |a García de la Sierna, Adolfo., |e trad. | |
| 650 | 7 | |a FILOSOFIA DEL DERECHO | |
| 859 | |a DERECHO |b BIB. DERECHO |h 320.092 |i FRE |p 009954 | ||
